Les origines et la diffusion de la civilisation: introduction a l'histoire universelle
Uloženo v:
| Hlavní autor: | |
|---|---|
| Médium: | Kniha |
| Jazyk: | francouzština |
| Vydáno: |
París
Payot
1949
|
| Edice: | Bibliotheque Scientifique
|
| Témata: | |
| Tagy: |
Přidat tag
Žádné tagy, Buďte první, kdo vytvoří štítek k tomuto záznamu!
|
MARC
| LEADER | 00000nam a2200000 a 4500 | ||
|---|---|---|---|
| 001 | UCP8586 | ||
| 003 | CL-VaPUC | ||
| 008 | 000303e19490000FR |||||||||||||||||fre|d | ||
| 082 | 0 | 4 | |a 930 |b LAV |2 21 |
| 100 | |a Laviosa Zambotti, Pia |e author |9 438642 | ||
| 245 | 1 | 4 | |a Les origines et la diffusion de la civilisation: introduction a l'histoire universelle |
| 300 | |a 460 p | ||
| 942 | |c BK | ||
| 945 | |d 20000303 00:00:00 |a rherrera | ||
| 260 | |a París |b Payot |c 1949 | ||
| 650 | 0 | |a Historia antigua |9 267521 | |
| 650 | 0 | |a Prehistoria |9 316557 | |
| 650 | 0 | |a Cultura |9 269059 | |
| 650 | 0 | |a Civilizaciones antiguas |9 265998 | |
| 650 | 0 | |a Paleontología |9 314794 | |
| 583 | |a last modification |c 20000303 00:00:00 |k Rodrigo Vera | ||
| 490 | 0 | |a Bibliotheque Scientifique | |
| 999 | |c 285478 |d 285476 | ||
| 952 | |0 0 |1 0 |4 0 |6 930_000000000000000_LAV_1949 |7 0 |8 X |9 330124 |a BIBHIS |b BIBHIS |d 2019-11-20 |i 1393014 |o 930 LAV 1949 |p 1393014 |r 2024-01-30 |w 2019-11-20 |y BK_X |k HIS | ||